Statistics for US States by Lowest Median Income

Click here to take the quiz!

General Stats

  • This quiz has been taken 83 times
  • The average score is 9 of 10

Answer Stats

HintAnswer% Correct
2$44,717Mississippi
99%
6$49,861Alabama
97%
3$47,062Arkansas
96%
1$44,097West Virginia
96%
5$47,905Louisiana
93%
10$52,375Tennessee
93%
7$50,247Kentucky
91%
9$52,306South Carolina
90%
8$51,924Oklahoma
88%
4$47,169New Mexico
81%

Score Distribution

Percentile by Number Answered

Percent of People with Each Score

Your Score History

You have not taken this quiz